| 000 | 02162cam a2200373 i 4500 | ||
|---|---|---|---|
| 001 | 20868881 | ||
| 003 | JO-AjAnu | ||
| 005 | 20240501104305.0 | ||
| 008 | 190227s2019 gw ab b 001 0 eng | ||
| 010 | _a 2019935654 | ||
| 020 |
_a9783110609691 _q(paperback) |
||
| 020 |
_z9783110613285 _q(ebook) |
||
| 040 |
_aDLC _beng _erda _cDLC _dDLC _dJO-AjAnu |
||
| 041 | 0 |
_aeng _heng |
|
| 042 | _apcc | ||
| 050 | 0 | 0 |
_aP140 _b.H588 2019 |
| 100 | 1 |
_aHock, Hans Henrich, _d1938- _eauthor. |
|
| 245 | 1 | 0 |
_aLanguage history, language change, and language relationship : _ban introduction to historical and comparative linguistics / _cHans Henrich Hock, Brian D. Joseph. |
| 250 | _a3rd revised edition. | ||
| 264 | 1 |
_aBerlin ; _aBoston : _bDe Gruyter, _c[2019] |
|
| 300 |
_ax, 565 pages : _billustrations, maps ; _c24 cm. |
||
| 336 |
_atext _btxt _2rdacontent |
||
| 337 |
_aunmediated _bn _2rdamedia |
||
| 338 |
_avolume _bnc _2rdacarrier |
||
| 490 | 0 | _aMouton Textbook | |
| 504 | _aIncludes bibliographical references (pages 513-541) and indexes. | ||
| 505 | 0 | _aIntroduction -- The discovery of Indo-European -- Writing: its history and its decipherment -- Sound change -- Analogy and change in word structure -- Syntactic change -- Semantic change -- Lexical borrowing -- Lexical change and etymology: the study of words -- Language, dialect, and standard -- Dialect geography and dialectology -- Language spread, link languages, and bilingualism -- Convergence: dialectology beyond language boundaries -- Pidgins, creoles, and related forms of language -- Language death -- Comparative method: establishing language relationship -- Proto-world?: the question of long-distance genetic relationships -- Linguistic palaeontology: historical linguistics, history, and prehistory | |
| 650 | 0 | _aHistorical linguistics. | |
| 650 | 0 | _aComparative linguistics. | |
| 700 | 1 |
_aJoseph, Brian D., _eauthor. |
|
| 906 |
_a7 _bcbc _corigres _d2 _eepcn _f20 _gy-gencatlg |
||
| 942 |
_2lcc _cBK _n0 |
||
| 999 |
_c33479 _d33479 |
||